000 00602nam a22001817a 4500
003 CEME
005 20210628203259.0
008 210125b xxu||||| |||| 00| 0 eng d
020 _a9788177585636
040 _c.
082 _a658.015 KRI
100 _aKrishnaswamy, K.N, Sivakumar, Appa.Lyer, Mathirajan, M
_964465
245 _aManagement research methodology, integration of principles, methods and techniques
260 _aINDIA
_bPEARSON EDUCATION INDIA
_c2009
300 _aXXIII,566P
650 _aMANAGEMENT RESEARCH METHODOLOGY. RESEARCH METHODOLOGY-MANAGEMENT.
_964466
942 _cBK
_2ddc
999 _c572945
_d572945